Normal view
MARC view
- Jones, Frederick L
Entry Personal Name
001 - CONTROL NUMBER
- control field: 5707
003 - CONTROL NUMBER IDENTIFIER
- control field: OSt
005 - DATE AND TIME OF LATEST TRANSACTION
- control field: 20231116135953.0
008 - FIXED-LENGTH DATA ELEMENTS
- fixed length control field: 231116|| aca||aabn | a|a d
040 ## - CATALOGING SOURCE
- Original cataloging agency: OSt
- Transcribing agency: OSt
100 ## - HEADING--PERSONAL NAME
- Personal name: Jones, Frederick L
670 ## - SOURCE DATA FOUND
- Source citation: Work cat.: (OSt)7807: Jones, Frederick L ., Letters of Percy Bysshe Shelley, Vol 1 / , 1964.
